Adam Sandler Movies by Recurring Themes Quiz Stats

 Plays Quiz Updated Sep 19, 2018

Also try: Adam Sandler A-Z
Challenge
Share
Tweet
Embed
Score 0/13 Timer 06:00
3 Plays Today
Description Movie % Correct
Adam plays football. His girlfriend's initials are 'V.V.' His father is 'the devil.' There are multiple alligator references in the film. A 7' tall wrestler has a minor role.The Waterboy
90.6%
Adam falls for a school teacher. He marries Drew Barrymore. He hangs out with Rob Schneider. He spends time in Hawaii. He ends up having a loving family.50 First Dates
85.5%
Adam entertains people for a living. He has a strong relationship with an old woman. He marries Drew Barrymore.The Wedding Singer
77.1%
Adam is a professional athlete. His girlfriend's initials are 'V.V.' He has a strong relationship with an old woman. There are multiple alligator references in the film.Happy Gilmore
76.6%
Adam falls for a school teacher. His girlfriend's initials are 'V.V.' He has been given a good deal of money. He is very wealthy.Billy Madison
65.5%
Adam lives in New York City. He has been given a good deal of money. He is very wealthy.Mr. Deeds
63.1%
Adam misses his family. He dies during the movie's climax. He ends up having a loving family.Click
61.3%
Adam lives in New York City. Leslie Mann gets upset with him. He hangs out with Rob Schneider. He has been given a good deal of money. He ends up having a loving family.Big Daddy
58.3%
Adam is a professional athlete. He plays football. He is very wealthy. A 7' tall wrestler has a minor role.The Longest Yard
58.2%
Adam's girlfriend's initials are 'V.V.' His father is 'the devil.' He dies during the movie's climax.Little Nicky
56.2%
Adam entertains people for a living. Leslie Mann gets upset with him. He suffers from poor mental health. He is very wealthy.Funny People
41.9%
Adam spends time in Hawaii. He suffers from poor mental health. This film is not a comedy.Punch Drunk Love
30.2%
Adam lives in New York City. He misses his family. He suffers from poor mental health. This film is not a comedy.Reign Over Me
21.6%

You're not logged in!

Compare scores with friends on all Sporcle quizzes.
OR
Log In

You Might Also Like...

Show Comments

Extras

Top Quizzes Today


Score Distribution

Your Account Isn't Verified!

In order to create a playlist on Sporcle, you need to verify the email address you used during registration. Go to your Sporcle Settings to finish the process.

Report this User

Report this user for behavior that violates our Community Guidelines.

Details: